Jaki kolor kojarzy się ze świętami Bożego Narodzenia - Statystyki

Ogólne statystyki
  • Ten quiz został rozwiązany 375 razy
  • Średni wynik to 4 z 5
Statystyki odpowiedzi
Odpowiedź % Poprawnych
biel
98%
czerwień
91%
zieleń
86%
złoto
45%
srebro
43%
Nie znaleziono quizów pasujących do podanych kryteriów
Rozkład punktacji
Procent ludzi z każdym wynikiem
Percentyl według liczby udzielonych odpowiedzi
Twoja historia wyników
Nie rozwiązałeś tego quizu